LEADER 01106nam a2200253 4500 001 000000333792 003 CaOOAMICUS 005 20190606153907.0 008 190605s2001 xxu 000 u eng r 020 $a0-8091-3992-8 040 $aSeMil$bita 100 1 $aWilkes, Paul.$0(OLS)http://semarc/name/109582 245 10$aExcellent Catholic parishes :$bthe guide to best places and practices /$cPaul Wilkes. 264 1$aNew York ; Mahwah :$bPaulist Press,$c2001. 300 $aXIII, 255 p. :$bill. ;$c21 cm. 650 4$aParrocchia - Pastorale.$0(OLS)http://semarc/subject/6205 650 4$aParrocchia.$0(OLS)http://semarc/subject/5780 850 $aSeMil 852 $aSeMil$W1$xVenegono$y1$m3K V 474$j213814$B226098$CSeMilBibl$Z2$F226098 $81 961 $aLorenzi don Ugo - Omaggio 996 $6020$a0-8091-3992-8$9(OLS)http://semarc/number/287435 996 $6245$aExcellent Catholic parishes :$bthe guide to best places and practices$9(OLS)http://semarc/title/423487 996 $6264$aNew York ; Mahwah :$bPaulist Press$9(OLS)http://semarc/publisher/32439 LEADER 01029nam a2200229 i 4500 001 000000056710 003 CaOOAMICUS 005 20250616103233.0 008 970908s1964 it u000 u ita u 040 $aSeMil$bita 100 1 $aTurla, Mario.$0(OLS)http://semarc/name/28733 245 14$aGli istituti giuridici barbarici e la professione di legge nel territorio del Seprio. 250 $aEd. fuori commercio 264 1$aGallarate :$bTipografia Ditta Domenico Ferrario,$c1964. 300 $a25 p. ;$c24 cm 650 4$aBarbari - Storia - Diritto.$0(OLS)http://semarc/subject/57856 650 4$aSeprio .$0(OLS)http://semarc/subject/11467 850 $aSeMil 852 $aSeMil$W1$xVenegono$y1$m2I IV 462$j22864$B22864$CSeMilBibl$Z2$F22866 $81 996 $6245$aGli istituti giuridici barbarici e la professione di legge nel territorio del Seprio$9(OLS)http://semarc/title/88209 996 $6264$aGallarate :$bTipografia Ditta Domenico Ferrario$9(OLS)http://semarc/publisher/40768